Expository preaching. (Record no. 11534)

000 -LEADER
fixed length control field 00536nam a2200181 a 4500
001 - CONTROL NUMBER
control field :::00009333$&:&@@
003 - CONTROL NUMBER IDENTIFIER
control field OkBaRHE
005 - DATE AND TIME OF LATEST TRANSACTION
control field 20000607103350.0
008 - FIXED-LENGTH DATA ELEMENTS--GENERAL INFORMATION
fixed length control field s1950 j 000 0 eng u
040 ## - CATALOGING SOURCE
Transcribing agency
100 1# - MAIN ENTRY--PERSONAL NAME
Personal name Ray, Jeff D.
245 10 - TITLE STATEMENT
Title Expository preaching.
260 ## - PUBLICATION, DISTRIBUTION, ETC. (IMPRINT)
Place of publication, distribution, etc Grand Rapids, MI., :
Name of publisher, distributor, etc Zondervan Publishing House
Date of publication, distribution, etc 1950
300 ## - PHYSICAL DESCRIPTION
Extent 123 p.
650 ## - SUBJECT ADDED ENTRY--TOPICAL TERM
Topical term or geographic name as entry element Preaching Sermon Preparation
942 ## - ADDED ENTRY ELEMENTS (KOHA)
Source of classification or shelving scheme
Koha item type Books
Copies
Source of classification or shelving scheme Date last seen Permanent Location Lost status Shelving location Damaged status Not for loan Date acquired Koha item type Copy number Full call number Withdrawn status Price effective from Barcode
 2010-04-14RHEMA Bible Training College General Stacks  2010-04-14Books1BV 4211 .R3 2010-04-149333